<?xml version="1.0" encoding="UTF-8"?>
<record
    xmlns:xsi="http://www.w3.org/2001/XMLSchema-instance"
    xsi:schemaLocation="http://www.loc.gov/MARC21/slim http://www.loc.gov/standards/marcxml/schema/MARC21slim.xsd"
    xmlns="http://www.loc.gov/MARC21/slim">

  <leader>00907nam a22001577a 4500</leader>
  <controlfield tag="003">OSt</controlfield>
  <controlfield tag="005">20160506100821.0</controlfield>
  <controlfield tag="008">160506b        xxu||||| |||| 00| 0 eng d</controlfield>
  <datafield tag="040" ind1=" " ind2=" ">
    <subfield code="c">RUA</subfield>
  </datafield>
  <datafield tag="082" ind1=" " ind2=" ">
    <subfield code="a">FIS SUO 2003 B470 Or.1</subfield>
  </datafield>
  <datafield tag="100" ind1=" " ind2=" ">
    <subfield code="9">8317</subfield>
    <subfield code="a">SUONG PISETH; &#x179F;&#x17BD;&#x1784; &#x1796;&#x17B7;&#x179F;&#x17B7;&#x178A;&#x17D2;&#x1792;</subfield>
  </datafield>
  <datafield tag="245" ind1=" " ind2=" ">
    <subfield code="a">African hybrid catfish nourishment in the tank at prek chang village kompong samnanh commune takhmau district kandal province; &#x1780;&#x17B6;&#x179A;&#x1785;&#x17B7;&#x1789;&#x17D2;&#x1785;&#x17B9;&#x1798;&#x1794;&#x17C6;&#x1794;&#x17C9;&#x1793;&#x1780;&#x17BC;&#x1793;&#x178F;&#x17D2;&#x179A;&#x17B8;&#x17A2;&#x178E;&#x17D2;&#x178F;&#x17C2;&#x1784;&#x1780;&#x17BC;&#x1793;&#x1780;&#x17B6;&#x178F;&#x17CB;&#x17A2;&#x17B6;&#x1796;&#x17D2;&#x179A;&#x17B7;&#x1785;&#x1793;&#x17C5;&#x1780;&#x17D2;&#x1793;&#x17BB;&#x1784;&#x17A2;&#x17B6;&#x1784;&#x179F;&#x17CA;&#x17B8;&#x1798;&#x17C9;&#x1784;&#x17CB;&#x178F;&#x17B7;&#x17CF; &#x1793;&#x17C5;&#x1780;&#x17D2;&#x1793;&#x17BB;&#x1784;&#x1797;&#x17BC;&#x1798;&#x17B7;&#x1796;&#x17D2;&#x179A;&#x17C2;&#x1780;&#x1785;&#x17B6;&#x17C6;&#x1784; &#x1783;&#x17BB;&#x17C6;&#x1780;&#x17C6;&#x1796;&#x1784;&#x17CB;&#x179F;&#x17C6;&#x178E;&#x17B6;&#x1789;&#x17CB; &#x179F;&#x17D2;&#x179A;&#x17BB;&#x1780;&#x178F;&#x17B6;&#x1781;&#x17D2;&#x1798;&#x17C5; &#x179F;&#x17D2;&#x1790;&#x17B7;&#x178F;&#x1780;&#x17D2;&#x1793;&#x17BB;&#x1784;&#x1781;&#x17C1;&#x178F;&#x17D2;&#x178F;&#x1780;&#x178E;&#x17D2;&#x178A;&#x17B6;&#x179B;</subfield>
  </datafield>
  <datafield tag="260" ind1=" " ind2=" ">
    <subfield code="a">RUA</subfield>
    <subfield code="b">Phnom Penh</subfield>
    <subfield code="c">2003</subfield>
  </datafield>
  <datafield tag="300" ind1=" " ind2=" ">
    <subfield code="a">43p.</subfield>
    <subfield code="b">ill.</subfield>
    <subfield code="c">29cm.</subfield>
  </datafield>
  <datafield tag="942" ind1=" " ind2=" ">
    <subfield code="2">ddc</subfield>
    <subfield code="c">FIS</subfield>
  </datafield>
  <datafield tag="999" ind1=" " ind2=" ">
    <subfield code="c">7969</subfield>
    <subfield code="d">7969</subfield>
  </datafield>
  <datafield tag="952" ind1=" " ind2=" ">
    <subfield code="0">0</subfield>
    <subfield code="1">0</subfield>
    <subfield code="2">ddc</subfield>
    <subfield code="4">0</subfield>
    <subfield code="6">FIS_SUO_2003_000000000000000_B470_OR_1</subfield>
    <subfield code="7">0</subfield>
    <subfield code="9">45591</subfield>
    <subfield code="a">LBB</subfield>
    <subfield code="b">LBB</subfield>
    <subfield code="c">B070</subfield>
    <subfield code="d">2016-05-06</subfield>
    <subfield code="o">FIS SUO 2003 B470 Or.1</subfield>
    <subfield code="p">RUA027494</subfield>
    <subfield code="r">2016-05-06</subfield>
    <subfield code="w">2016-05-06</subfield>
    <subfield code="y">FIS</subfield>
  </datafield>
</record>
